Introductory circuit analysis / (Record no. 175625)

000 -LEADER
fixed length control field 01101 a2200217 4500
003 - CONTROL NUMBER IDENTIFIER
control field Nust
005 - DATE AND TIME OF LATEST TRANSACTION
control field 20221031130300.0
010 ## - LIBRARY OF CONGRESS CONTROL NUMBER
LC control number 77188869
020 ## - INTERNATIONAL STANDARD BOOK NUMBER
International Standard Book Number 0132699451
040 ## - CATALOGING SOURCE
Transcribing agency Nust
082 00 - DEWEY DECIMAL CLASSIFICATION NUMBER
Classification number 621.3192,BOY
100 1# - MAIN ENTRY--PERSONAL NAME
Personal name Boylestad, Robert L.
9 (RLIN) 83339
245 10 - TITLE STATEMENT
Title Introductory circuit analysis /
Statement of responsibility, etc. Robert L. Boylestad.
250 ## - EDITION STATEMENT
Edition statement 8th ed.
260 ## - PUBLICATION, DISTRIBUTION, ETC.
Place of publication, distribution, etc. Columbus, Ohio,
Name of publisher, distributor, etc. Merrill
Date of publication, distribution, etc. [1972]
300 ## - PHYSICAL DESCRIPTION
Extent xiii, 827 p.
Other physical details illus.
Dimensions 25 cm.
490 0# - SERIES STATEMENT
Series statement Merrill's international series in electrical and electronics technology
505 ## - FORMATTED CONTENTS NOTE
Formatted contents note Introduction (Page-1), Current (Page-29), Resistance (Page-53), Ohm's Law, Power, and Energy (Page-85),Series Circuits (Page-111), Parallel Circuits (Page-151), Series-Parallel Networks (Page-187), Methods of Analysis and Selected Topics (Page-227), Network Theorems (Page-287), Capacitors (Page-341), Magnetic Circuits (Page-395), Inductors (Page-433), Sinusoidal Alternating Waveforms (Page-473), The Basic Elements and Phasors (Page-519), Series and Parallel ac Circuits (Page-573).
650 #0 - SUBJECT ADDED ENTRY--TOPICAL TERM
Topical term or geographic name entry element Telecommunication Engineering.
942 ## - ADDED ENTRY ELEMENTS (KOHA)
Koha item type Book
Source of classification or shelving scheme
Holdings
Withdrawn status Lost status Source of classification or shelving scheme Damaged status Not for loan Permanent Location Current Location Shelving location Date acquired Total Checkouts Full call number Barcode Date last seen Date last checked out Price effective from Koha item type Public note
          Military College of Signals (MCS) Military College of Signals (MCS) General Stacks 12/12/2016 1 621.3192,BOY MCS7295 01/06/2026 09/09/2025 12/12/2016 Book Almirah No.29, Shelf No.4
© 2023 Central Library, National University of Sciences and Technology. All Rights Reserved.